20th Century Dates – Within 10 Years #1 - Statistics

General Stats
  • This quiz has been taken 30,722 times
  • The average score is 11 of 21
Answer Stats
Hint Answer % Correct
The Tsar of Russia is deposed 1917
90%
Windows 1.0 is released 1985
87%
The Wright Brothers' first flight 1903
82%
The first year of the Baby Boom in the U.S. and Europe 1946
76%
Ayotollah Khomeini takes charge in Iran 1979
76%
Spanish Flu pandemic begins 1918
67%
"Space Invaders" debuts in arcades 1978
57%
First cartoon featuring Mickey Mouse 1928
54%
Disneyland opens in Anaheim, CA 1955
54%
Toyota releases the Prius, the first hybrid car 1997
53%
Chicken McNuggets introduced 1981
51%
Michael Jackson born 1958
50%
The first Rock and Roll concert 1952
48%
Volkswagen founded 1937
43%
Edmund Hillary and Tenzing Norgay reach the summit of Mount Everest 1953
43%
Algeria becomes independent from France 1962
41%
Newspapers report that a "flying saucer" has been captured near Roswell, NM 1947
38%
Panama Canal opens 1914
36%
The bikini is invented by French designer Louis Réard 1946
25%
Christian Barnard performs the first successful heart transplant 1967
24%
Roger Bannister runs a mile in less than 4 minutes 1954
23%
No matching quizzes found
Score Distribution
Percent of People with Each Score
Percentile by Number Answered
Your Score History
You have not taken this quiz